<?xml version='1.0' encoding='UTF-8'?>
  <record xmlns="http://www.loc.gov/MARC21/slim">
    <leader>00000cam a2200000 i 4500</leader>
    <controlfield tag="001">ocn898974089</controlfield>
    <controlfield tag="003">OCoLC</controlfield>
    <controlfield tag="005">20250725195750.2</controlfield>
    <controlfield tag="008">881011s1743    ne            000 0 lat d</controlfield>
    <datafield tag="040" ind1=" " ind2=" ">
      <subfield code="a">NLGGC</subfield>
      <subfield code="b">dut</subfield>
      <subfield code="c">NLGGC</subfield>
      <subfield code="e">fobidrtb</subfield>
      <subfield code="d">OCLCO</subfield>
      <subfield code="d">OCLCF</subfield>
      <subfield code="d">OCLCO</subfield>
      <subfield code="d">OCLCA</subfield>
      <subfield code="d">OCLCL</subfield>
      <subfield code="d">OCLCQ</subfield>
      <subfield code="d">OCLCL</subfield>
    </datafield>
    <datafield tag="029" ind1="0" ind2=" ">
      <subfield code="a">NLGGC</subfield>
      <subfield code="b">049104128</subfield>
    </datafield>
    <datafield tag="035" ind1=" " ind2=" ">
      <subfield code="a">(OCoLC)898974089</subfield>
    </datafield>
    <datafield tag="041" ind1="0" ind2=" ">
      <subfield code="a">lat</subfield>
      <subfield code="a">dut</subfield>
    </datafield>
    <datafield tag="050" ind1=" " ind2="0">
      <subfield code="a">QM151</subfield>
      <subfield code="b">.C6</subfield>
    </datafield>
    <datafield tag="082" ind1="0" ind2=" ">
      <subfield code="a">611.91</subfield>
      <subfield code="1">https://id.oclc.org/worldcat/ddc/E3pQg4kVPMt3HrpR4bqbb9gmrH</subfield>
    </datafield>
    <datafield tag="100" ind1="1" ind2=" ">
      <subfield code="a">Courcelles, David Cornelis de,</subfield>
      <subfield code="d">fl. 1739-1743.</subfield>
      <subfield code="1">https://id.oclc.org/worldcat/entity/E39PCjDDBGwMCk3cwX6TTb64mb</subfield>
    </datafield>
    <datafield tag="245" ind1="1" ind2="0">
      <subfield code="a">Davidis Cornelii de Courcelles ... Icones musculorum capitis, utpote faciei, aurium, oculorum, linguae, pharyngis, ossis hyoïdis, colli, ut et eorum, qui capiti adnectuntur :</subfield>
      <subfield code="b">cum expositione papillarum cutanearum icone singulari. Met eene Nederduitsche verklaring over de selve.</subfield>
    </datafield>
    <datafield tag="246" ind1="3" ind2=" ">
      <subfield code="a">Icones musculorum capitis, utpote faciei, aurium, oculorum, linguae, pharyngis, ossis hyoïdis, colli, ut et eorum, qui capiti adnectuntur</subfield>
    </datafield>
    <datafield tag="246" ind1="3" ind2=" ">
      <subfield code="a">Icones musculorum capitis</subfield>
    </datafield>
    <datafield tag="260" ind1=" " ind2=" ">
      <subfield code="a">Lugduni Batavorum :</subfield>
      <subfield code="b">exp. auctoris, ex typogr. Dammeana,</subfield>
      <subfield code="c">1743.</subfield>
    </datafield>
    <datafield tag="300" ind1=" " ind2=" ">
      <subfield code="a">[4], 83, [5] p., 8 pl. :</subfield>
      <subfield code="b">ill. ;</subfield>
      <subfield code="c">in-4.</subfield>
    </datafield>
    <datafield tag="336" ind1=" " ind2=" ">
      <subfield code="a">tekst</subfield>
      <subfield code="b">txt</subfield>
      <subfield code="2">rdacontent/dut</subfield>
    </datafield>
    <datafield tag="337" ind1=" " ind2=" ">
      <subfield code="a">zonder medium</subfield>
      <subfield code="b">n</subfield>
      <subfield code="2">rdamedia/dut</subfield>
    </datafield>
    <datafield tag="338" ind1=" " ind2=" ">
      <subfield code="a">band</subfield>
      <subfield code="b">nc</subfield>
      <subfield code="2">rdacarrier/dut</subfield>
    </datafield>
    <datafield tag="530" ind1=" " ind2=" ">
      <subfield code="a">Titel is geselecteerd voor digitalisering voor de Universiteit van Amsterdam in het kader van het Google Books-project.</subfield>
    </datafield>
    <datafield tag="650" ind1=" " ind2="0">
      <subfield code="a">Face</subfield>
      <subfield code="v">Early works to 1800</subfield>
      <subfield code="x">Muscles.</subfield>
    </datafield>
    <datafield tag="650" ind1=" " ind2="7">
      <subfield code="a">Face.</subfield>
      <subfield code="2">fast</subfield>
      <subfield code="0">(OCoLC)fst00919522</subfield>
    </datafield>
    <datafield tag="710" ind1="0" ind2=" ">
      <subfield code="a">Damme, drukkerij van Van (Leiden)</subfield>
      <subfield code="4">prt</subfield>
      <subfield code="0">(NL-LeOCL)077151119</subfield>
    </datafield>
    <datafield tag="758" ind1=" " ind2=" ">
      <subfield code="a">Davidis Cornelii de Courcelles ... Icones musculorum capitis, utpote faciei, aurium, oculorum, linguae, pharyngis, ossis hyoïdis, colli, ut et eorum, qui capiti adnectuntur (Text)</subfield>
      <subfield code="1">https://id.oclc.org/worldcat/entity/E39PCFTq34KdGmgbFVTb8bd9fy</subfield>
      <subfield code="4">https://id.oclc.org/worldcat/ontology/hasWork</subfield>
    </datafield>
    <datafield tag="776" ind1="0" ind2=" ">
      <subfield code="t">Davidis Cornelii de Courcelles ... Icones musculorum capitis, utpote faciei, aurium, oculorum, linguae, pharyngis, ossis hyoïdis, colli, ut et eorum, qui capiti adnectuntur</subfield>
      <subfield code="w">(NL-LeOCL)396641210</subfield>
    </datafield>
    <datafield tag="776" ind1="0" ind2=" ">
      <subfield code="t">Davidis Cornelii de Courcelles ... Icones musculorum capitis, utpote faciei, aurium, oculorum, linguae, pharyngis, ossis hyoïdis, colli, ut et eorum, qui capiti adnectuntur</subfield>
      <subfield code="w">(NL-LeOCL)401745902</subfield>
    </datafield>
    <datafield tag="776" ind1="0" ind2=" ">
      <subfield code="t">Davidis Cornelii de Courcelles ... Icones musculorum capitis, utpote faciei, aurium, oculorum, linguae, pharyngis, ossis hyoïdis, colli, ut et eorum, qui capiti adnectuntur</subfield>
      <subfield code="w">(NL-LeOCL)406928193</subfield>
    </datafield>
    <datafield tag="936" ind1=" " ind2=" ">
      <subfield code="a">BATCHLOAD</subfield>
    </datafield>
  </record>